Congresos Internacionales de Ferrocarriles, tranvías y electricidad celebrados en París en el año de 1900 / (Record no. 59074)

MARC details
000 -LEADER
campo de control de longitud fija 01334nam a2200301 i 4500
001 - NÚMERO DE CONTROL
campo de control 59074
003 - IDENTIFICADOR DE NÚMERO DE CONTROL
campo de control ES-MaACL
005 - FECHA Y HORA DE LA ÚLTIMA TRANSACCIÓN
campo de control 20250928105417.0
007 - CAMPO FIJO DE DESCRIPCIÓN FÍSICA--INFORMACIÓN GENERAL
campo de control de longitud fija t|
008 - DATOS DE LONGITUD FIJA--INFORMACIÓN GENERAL
campo de control de longitud fija 031027s1901 sp |||| | spa d
080 ## - NÚMERO DE LA CLASIFICACIÓN DECIMAL UNIVERSAL
Número de la Clasificación Decimal Universal 625.1/.5(063)
080 ## - NÚMERO DE LA CLASIFICACIÓN DECIMAL UNIVERSAL
Número de la Clasificación Decimal Universal 621.3(063)
245 00 - MENCIÓN DEL TÍTULO
Título Congresos Internacionales de Ferrocarriles, tranvías y electricidad celebrados en París en el año de 1900 /
Mención de responsabilidad, etc. memorias de los ingenieros de caminos, canales y puertos José Echegaray, Mariano Carderera, Alfredo Mendizábal, José Jimeno Lassala, Diego Mayoral.
260 ## - PUBLICACIÓN, DISTRIBUCIÓN, ETC.
Lugar de publicación, distribución, etc. Madrid :
Nombre del editor, distribuidor, etc. [s.n.],
Fecha de publicación, distribución, etc. 1901 (
Fabricante Estab. Tip. Hijos de J.A. García)
300 ## - DESCRIPCIÓN FÍSICA
Extensión 357 p. ;
Dimensiones 25 cm.
490 1# - MENCIÓN DE SERIE
Mención de serie Biblioteca de la "Revista de obras públicas"
650 #4 - PUNTO DE ACCESO ADICIONAL DE MATERIA--TÉRMINO DE MATERIA
Término de materia o nombre geográfico como elemento de entrada Ferrocarriles-
Subdivisión geográfica Castilla-La Mancha.
9 (RLIN) 158115
650 #4 - PUNTO DE ACCESO ADICIONAL DE MATERIA--TÉRMINO DE MATERIA
Término de materia o nombre geográfico como elemento de entrada Electrotecnia.
9 (RLIN) 12169
650 #4 - PUNTO DE ACCESO ADICIONAL DE MATERIA--TÉRMINO DE MATERIA
Término de materia o nombre geográfico como elemento de entrada Tranvías.
9 (RLIN) 136944
700 1# - ENTRADA AGREGADA--NOMBRE PERSONAL
Nombre de persona Echegaray, José,
Fechas asociadas al nombre 1832-1916
9 (RLIN) 46526
700 1# - ENTRADA AGREGADA--NOMBRE PERSONAL
Nombre de persona Carderera, Mariano,
Fechas asociadas al nombre 1816-1893
9 (RLIN) 35158
711 2# - ENTRADA AGREGADA--NOMBRE DE REUNIÓN
Nombre de congreso/reunión o jurisdicción como elemento de entrada Congreso Internacional de Ferrocarriles (
Fecha del congreso o de la firma del tratado 1900.
Sede del congreso/Lugar de la reunión Paris)
9 (RLIN) 153087
711 2# - ENTRADA AGREGADA--NOMBRE DE REUNIÓN
Nombre de congreso/reunión o jurisdicción como elemento de entrada Congreso Internacional de Electricidad (
Número del congreso/reunión o número de parte o sección 2º.
Fecha del congreso o de la firma del tratado 1900.
Sede del congreso/Lugar de la reunión Paris)
9 (RLIN) 153088
711 2# - ENTRADA AGREGADA--NOMBRE DE REUNIÓN
Nombre de congreso/reunión o jurisdicción como elemento de entrada Congreso internacional de Tranvias (
Número del congreso/reunión o número de parte o sección 3º.
Fecha del congreso o de la firma del tratado 1900.
Sede del congreso/Lugar de la reunión Paris)
9 (RLIN) 153089
830 0# - PUNTO DE ACCESO ADICIONAL DE SERIE-TÍTULO UNIFORME
Título uniforme Biblioteca de la "Revista de obras públicas"
9 (RLIN) 184469
852 ## - LOCALIZACIÓN
Ubicación ES-MaACL
Número de control de estantería A-295
Holdings
Estatus retirado Estado de pérdida Estado de daño No para préstamo Biblioteca de origen Biblioteca actual Ubicación en estantería Fecha de adquisición Fuente de adquisición Total de préstamos Signatura topográfica completa Código de barras Visto por última vez Precio de reemplazo Tipo de ítem Koha
        Biblioteca del Ateneo de Madrid Biblioteca del Ateneo de Madrid Sala Pecera Planta 1 17/01/2008     A-295 1061966 23/02/2023 23/02/2023 Libro impreso antiguo